Ocenenie nového obchodu v životnom poistení použitím systému Prophet diplomová práca

Na minha lista:
Detalhes bibliográficos
Autor principal: Hájek, Tomáš
Autor Corporativo: Fakulta hospodárskej informatiky EU. Katedra matematiky a aktuárstva
Outros Autores: Šoltésová, Tatiana, 1975-
Formato: Livro
Idioma:eslovaco
Publicado em: Bratislava 2016
Tags: Adicionar Tag
Sem tags, seja o primeiro a adicionar uma tag!

MARC

LEADER 00000nbm a2200000 4500
001 0216849
005 20170214150435.2
041 0 |a slo 
044 |a SK 
245 1 0 |a Ocenenie nového obchodu v životnom poistení použitím systému Prophet  |b diplomová práca  |c Tomáš Hájek ; školiteľ: Tatiana Šoltésová 
264 1 |a Bratislava  |c 2016 
300 |a 73 s. 
100 1 |a Hájek, Tomáš 
700 1 |a Šoltésová, Tatiana, 1975- 
710 2 |a Fakulta hospodárskej informatiky EU. Katedra matematiky a aktuárstva